00458nmm a2200157Ia 4500008004100000020001800041041000800059100003000067245002100097264005800118300001700176650003100193856005200224942000700276999001700283251105s9999||||xx |||||||||||||||||und|| a9789587896794 aspa aCarbonell Muñóz, Nora 0aEn busca de casa a[Bogotá, Colombia] :bUniversidad del Norte, c2025 a38 páginas aTeen & Young Adult Fiction uhttps://public.digitaliapublishing.com/a/180547 cCF c96487d96487